[Event "Regionalliga NW 1516"]
[Site "Bayern"]
[Date "2015.11.15"]
[Round "3.1"]
[White "Poppe, Heiko"]
[Black "Pfarr, Michael"]
[Result "0-1"]
[WhiteElo "2068"]
[BlackElo "2037"]
[PlyCount "82"]
[EventDate "2015.10.11"]
[EventType "team-tourn"]
[EventRounds "9"]
[EventCountry "GER"]
[SourceTitle "EXT 2018"]
[Source "ChessBase"]
[SourceDate "2017.10.13"]
[SourceVersion "1"]
[SourceVersionDate "2017.10.13"]
[SourceQuality "1"]
[WhiteTeam "Bad Neustadt"]
[BlackTeam "Moembris"]
[WhiteTeamCountry "GER"]
[BlackTeamCountry "GER"]

1. e4 c5 2. Nc3 Nc6 3. g3 g6 4. Bg2 Bg7 5. d3 d6 6. Be3 e5 7. Qd2 Be6 8. Nd5 Qd7 9. c3 Rb8 10. h3 f5 11. Nf3 h6 12. Nh4 Bxd5 13. Nxg6 Be6 14. Nxh8 Bxh8 15. Bxh6 Nxh6 16. Qxh6 Bg7 17. Qg6+ Kf8 18. h4 Ne7 19. Qg5 Ng8 20. Bh3 Nh6 21. f3 Kg8 22. exf5 Nxf5 23. Bxf5 Bxf5 24. h5 Kh8 25. 0-0-0 Qe6 26. h6 Bf6 27. Qh5 Rg8 28. g4 Bg6 29. Qh2 Qxa2 30. h7 Rg7 31. Qh6 Qa1+ 32. Kc2 Qa4+ 33. Kd2 Qb5 34. Kc2 Qa4+ 35. Kd2 Qb5 36. Ke3 Qd7 37. g5 Bd8 38. Rdg1 c4 39. dxc4 Bb6+ 40. Ke2 Bxg1 41. Rxg1 Qf5 0-1

[Event "Regionalliga NW 1415"]
[Site "Bayern"]
[Date "2014.10.19"]
[Round "1.2"]
[White "Poppe, Heiko"]
[Black "Schatz, Christian"]
[Result "1/2-1/2"]
[WhiteElo "2068"]
[BlackElo "2139"]
[PlyCount "40"]
[EventDate "2014.10.19"]
[EventType "team-tourn"]
[EventRounds "9"]
[EventCountry "GER"]
[SourceTitle "EXT 2018"]
[Source "ChessBase"]
[SourceDate "2017.10.13"]
[SourceVersion "1"]
[SourceVersionDate "2017.10.13"]
[SourceQuality "1"]
[WhiteTeam "Bad Neustadt"]
[BlackTeam "Rottendorf"]
[WhiteTeamCountry "GER"]
[BlackTeamCountry "GER"]

1. e4 c6 2. d4 d5 3. e5 Bf5 4. g4 Be4 5. f3 Bg6 6. h4 h5 7. Bd3 Bxd3 8. Qxd3 e6 9. Bg5 Be7 10. Nh3 Nh6 11. Rg1 hxg4 12. fxg4 c5 13. Nc3 Nc6 14. dxc5 Nxe5 15. Qe2 f6 16. 0-0-0 Nhf7 17. Be3 Rxh4 18. Nf4 Qd7 19. Nb5 a6 20. Nd4 Nd8 1/2-1/2

[Event "Landesliga Nord 1213"]
[Site "Bayern"]
[Date "2013.02.24"]
[Round "7.6"]
[White "Saathoff, Richard"]
[Black "Poppe, Heiko"]
[Result "1/2-1/2"]
[WhiteElo "2090"]
[BlackElo "2076"]
[PlyCount "30"]
[EventDate "2012.10.14"]
[EventType "team-tourn"]
[EventRounds "9"]
[EventCountry "GER"]
[SourceTitle "EXT 2015"]
[Source "ChessBase"]
[SourceDate "2014.11.20"]
[SourceVersion "1"]
[SourceVersionDate "2014.11.20"]
[SourceQuality "1"]
[WhiteTeam "Nuernberg Sued SW"]
[BlackTeam "Wuerzburg"]
[WhiteTeamCountry "GER"]
[BlackTeamCountry "GER"]

1. e4 e6 2. d4 d5 3. Nc3 Bb4 4. e5 c5 5. a3 Bxc3+ 6. bxc3 Qa5 7. Bd2 Qa4 8. Qb1 a6 9. Qb3 Qxb3 10. cxb3 Nc6 11. Nf3 cxd4 12. cxd4 f6 13. Bd3 Nge7 14. 0-0 Bd7 15. Rfe1 f5 1/2-1/2

[Event "Oberliga Bayern 0809"]
[Site "Bayern"]
[Date "2008.11.30"]
[Round "3.7"]
[White "Heumann, Joern"]
[Black "Poppe, Heiko"]
[Result "1-0"]
[WhiteElo "2110"]
[BlackElo "2097"]
[PlyCount "84"]
[EventDate "2008.10.05"]
[EventType "team-tourn"]
[EventRounds "9"]
[EventCountry "GER"]
[SourceTitle "EXT 2020"]
[Source "ChessBase"]
[SourceDate "2019.10.17"]
[SourceVersion "1"]
[SourceVersionDate "2019.10.17"]
[SourceQuality "1"]
[WhiteTeam "Regensburg Fortuna"]
[BlackTeam "Wuerzburg"]
[WhiteTeamCountry "GER"]
[BlackTeamCountry "GER"]

1. e4 e6 2. d4 d5 3. Nc3 Nc6 4. Nf3 Bb4 5. e5 Na5 6. Bd2 Nc4 7. Bxc4 dxc4 8. Qe2 Bxc3 9. Bxc3 Qd5 10. b3 b5 11. Bb4 Ne7 12. 0-0 Bb7 13. Rfe1 Nf5 14. c3 h5 15. Qf1 Rh6 16. Ng5 Rg6 17. f4 Nh4 18. bxc4 bxc4 19. Re2 Qd7 20. Qe1 Nf5 21. Rb1 0-0-0 22. Bc5 Qd5 23. Reb2 Ba8 24. Rb8+ Kd7 25. Rxd8+ Kxd8 26. Rb2 Kd7 27. Re2 f6 28. Ne4 Kc8 29. Bxa7 Rg4 30. Qf2 Nh4 31. g3 Qb5 32. Rb2 Qa5 33. Rb8+ Kd7 34. Rxa8 f5 35. Nc5+ Ke7 36. Kf1 Qxc3 37. Rb8 Nf3 38. Rb2 Nxd4 39. Ne4 fxe4 40. Bxd4 Qc1+ 41. Kg2 h4 42. Bc5+ Kf7 1-0

[Event "Regionalliga NW 0506"]
[Site "Bayern"]
[Date "2006.03.12"]
[Round "8.2"]
[White "Stauch, Edgar"]
[Black "Poppe, Heiko"]
[Result "1/2-1/2"]
[WhiteElo "2081"]
[BlackElo "2103"]
[PlyCount "20"]
[EventDate "2005.10.23"]
[EventType "team-tourn"]
[EventRounds "9"]
[EventCountry "GER"]
[SourceTitle "EXT 2007"]
[Source "ChessBase"]
[SourceDate "2006.11.23"]
[SourceVersion "1"]
[SourceVersionDate "2006.11.23"]
[SourceQuality "1"]

1. c4 e6 2. g3 f5 3. Bg2 Nf6 4. Nf3 Be7 5. 0-0 0-0 6. d4 Qe8 7. b3 d6 8. Bb2 Qh5 9. Nbd2 g5 10. e3 Nbd7 1/2-1/2

[Event "Regionalliga NW 0506"]
[Site "Bayern"]
[Date "2005.11.27"]
[Round "3.2"]
[White "Heinz, Thomas"]
[Black "Poppe, Heiko"]
[Result "1/2-1/2"]
[WhiteElo "2097"]
[BlackElo "2103"]
[PlyCount "45"]
[EventDate "2005.10.23"]
[EventType "team-tourn"]
[EventRounds "9"]
[EventCountry "GER"]
[SourceTitle "EXT 2007"]
[Source "ChessBase"]
[SourceDate "2006.11.23"]
[SourceVersion "1"]
[SourceVersionDate "2006.11.23"]
[SourceQuality "1"]

1. c4 e6 2. d4 d5 3. Nc3 f5 4. Nf3 Nf6 5. Bg5 c6 6. e3 Bd6 7. c5 Bc7 8. Bf4 0-0 9. Bxc7 Qxc7 10. Ne5 Ne4 11. f4 Nd7 12. Nxe4 Nxe5 13. Nc3 Ng4 14. Qd2 Qe7 15. Be2 Nf6 16. b4 Kh8 17. 0-0 Rg8 18. Kh1 g5 19. g3 Qg7 20. Rg1 Bd7 21. a4 Qh6 22. b5 Rg7 23. Bf3 1/2-1/2

[Event "Oberliga Bayern 0506"]
[Site "Bayern"]
[Date "2005.10.23"]
[Round "1.8"]
[White "Zuehlke, Burkhard"]
[Black "Poppe, Heiko"]
[Result "1/2-1/2"]
[WhiteElo "2095"]
[BlackElo "2103"]
[PlyCount "153"]
[EventDate "2005.10.23"]
[EventType "team-tourn"]
[EventRounds "9"]
[EventCountry "GER"]
[SourceTitle "EXT 2007"]
[Source "ChessBase"]
[SourceDate "2006.11.23"]
[SourceVersion "1"]
[SourceVersionDate "2006.11.23"]
[SourceQuality "1"]
[WhiteTeam "Zirndorf"]
[BlackTeam "Wuerzburg"]
[WhiteTeamCountry "GER"]
[BlackTeamCountry "GER"]

1. d4 f5 2. g3 Nf6 3. Bg2 e6 4. Nf3 Be7 5. c4 d5 6. Nbd2 0-0 7. 0-0 Qe8 8. Qc2 c6 9. Ne5 Qh5 10. Ndf3 Nbd7 11. Nd3 Ne4 12. Nfe5 Nxe5 13. Nxe5 Bf6 14. Be3 g5 15. Rad1 Nd6 16. b3 Nf7 17. Nd3 Kh8 18. f3 dxc4 19. Qxc4 e5 20. dxe5 Nxe5 21. Nxe5 Bxe5 22. Bd4 Qe8 23. Qc3 Bxd4+ 24. Qxd4+ Kg8 25. e4 fxe4 26. fxe4 Be6 27. Rxf8+ Qxf8 28. Qe5 Qe7 29. Bh3 Re8 30. Bxe6+ Qxe6 31. Qxg5+ Kh8 32. Re1 Rf8 33. Qe3 Qe5 34. Rd1 Kg8 35. Qd4 Qh5 36. e5 Qf3 37. e6 c5 38. Qd5 Qe3+ 39. Kh1 Re8 40. Rf1 Rxe6 41. Qxb7 Re7 42. Qf3 Qxf3+ 43. Rxf3 Re2 44. a4 a5 45. Rc3 Re5 46. Kg2 Kf7 47. Kf3 Rh5 48. h4 Ke6 49. Ke4 Re5+ 50. Kf4 Rf5+ 51. Kg4 Re5 52. Kh3 Kf5 53. Rc4 Ke6 54. Kg4 Kd5 55. Kf3 Re1 56. Kf4 Rd1 57. Rc3 Kd4 58. Rf3 Rd3 59. g4 Rxf3+ 60. Kxf3 Kc3 61. g5 Kxb3 62. h5 c4 63. g6 hxg6 64. hxg6 c3 65. g7 c2 66. g8Q+ Kb2 67. Qg7+ Kb1 68. Qg6 Ka1 69. Qf6+ Kb1 70. Qf5 Ka1 71. Qe5+ Kb1 72. Qe4 Ka1 73. Qd4+ Kb1 74. Qd3 Kb2 75. Qd2 Kb1 76. Qxa5 c1Q 77. Qb4+ 1/2-1/2

[Event "Regionalliga NW 0304"]
[Site "Bayern"]
[Date "2004.03.07"]
[Round "7.2"]
[White "Poppe, Heiko"]
[Black "Zakurdjaeva, Irina"]
[Result "1-0"]
[WhiteElo "2104"]
[BlackElo "2304"]
[PlyCount "99"]
[EventDate "2003.10.12"]
[EventType "team-tourn"]
[EventRounds "9"]
[EventCountry "GER"]
[SourceTitle "EXT 2006"]
[Source "ChessBase"]
[SourceDate "2005.11.24"]
[SourceVersion "1"]
[SourceVersionDate "2005.11.24"]
[SourceQuality "1"]
[WhiteTeam "Wuerzburg II"]
[BlackTeam "Koenigshofen"]
[WhiteTeamCountry "GER"]
[BlackTeamCountry "GER"]

1. e4 c5 2. Nc3 Nc6 3. g3 g6 4. Bg2 Bg7 5. d3 e6 6. Be3 Nd4 7. f4 Ne7 8. Nf3 d5 9. Bf2 Nxf3+ 10. Bxf3 d4 11. Ne2 e5 12. g4 exf4 13. Nxf4 Nc6 14. Bg3 Be5 15. Qd2 g5 16. Nh5 Be6 17. Bxe5 Nxe5 18. Ng7+ Kd7 19. Rf1 Qf6 20. Nf5 h5 21. gxh5 Bxf5 22. Bh1 Rae8 23. 0-0-0 Qe6 24. Rxf5 Qxa2 25. Qxg5 Rhg8 26. Qf4 Rg4 27. Qf2 Qa1+ 28. Kd2 Qxb2 29. Rxf7+ Kc8 30. Qf5+ Kb8 31. Rf8 Qb4+ 32. Ke2 Rxf8 33. Qxf8+ Kc7 34. Qe7+ Nd7 35. e5 Qa4 36. e6 Qxc2+ 37. Rd2 Qa4 38. exd7 Qxd7 39. Qxc5+ Kb8 40. Qe5+ Qc7 41. Qe8+ Qc8 42. Qxc8+ Kxc8 43. Bf3 Rg8 44. Rc2+ Kb8 45. Rc4 Rd8 46. Be4 Rd6 47. Kf3 b5 48. Rc6 Rd8 49. h6 b4 50. Ke2 1-0

[Event "Regionalliga NW 0304"]
[Site "Bayern"]
[Date "2003.12.14"]
[Round "4.1"]
[White "Poppe, Heiko"]
[Black "Haba, Zdenek"]
[Result "0-1"]
[WhiteElo "2104"]
[BlackElo "2228"]
[PlyCount "76"]
[EventDate "2003.10.12"]
[EventType "team-tourn"]
[EventRounds "9"]
[EventCountry "GER"]
[SourceTitle "EXT 2006"]
[Source "ChessBase"]
[SourceDate "2005.11.24"]
[SourceVersion "1"]
[SourceVersionDate "2005.11.24"]
[SourceQuality "1"]
[WhiteTeam "Wuerzburg II"]
[BlackTeam "Kulmbach"]
[WhiteTeamCountry "GER"]
[BlackTeamCountry "GER"]

1. e4 d6 2. d4 g6 3. Nc3 Bg7 4. Be3 Nc6 5. Qd2 e5 6. dxe5 Nxe5 7. f4 Nc6 8. Nf3 Nf6 9. h3 0-0 10. Bd3 d5 11. e5 d4 12. Nxd4 Nxd4 13. exf6 Qxf6 14. 0-0 Bf5 15. Ne4 Qc6 16. Nf2 Bxd3 17. cxd3 Qc2 18. Rfd1 Qxd2 19. Rxd2 Nf5 20. Bc5 Rfe8 21. Ne4 Rad8 22. Nc3 Bh6 23. Rf1 b6 24. Ba3 c5 25. g4 Ne3 26. Rff2 Bg7 27. Ne4 Bd4 28. Kh2 f5 29. gxf5 Nxf5 30. Rf1 Be3 31. Rdd1 Rf8 32. b3 Nd4 33. Kg3 Bxf4+ 34. Kg2 Nf5 35. Rde1 Ne3+ 36. Rxe3 Bxe3 37. Nf6+ Kg7 38. Bb2 Bd4 0-1

[Event "Regionalliga NW 0304"]
[Site "Bayern"]
[Date "2003.10.12"]
[Round "1.2"]
[White "Poppe, Heiko"]
[Black "Wambach, Juergen"]
[Result "0-1"]
[WhiteElo "2104"]
[BlackElo "2043"]
[PlyCount "64"]
[EventDate "2003.10.12"]
[EventType "team-tourn"]
[EventRounds "9"]
[EventCountry "GER"]
[SourceTitle "EXT 2006"]
[Source "ChessBase"]
[SourceDate "2005.11.24"]
[SourceVersion "1"]
[SourceVersionDate "2005.11.24"]
[SourceQuality "1"]
[WhiteTeam "Wuerzburg II"]
[BlackTeam "Klingenberg"]
[WhiteTeamCountry "GER"]
[BlackTeamCountry "GER"]

1. e4 c5 2. Nc3 Nc6 3. g3 g6 4. Bg2 Bg7 5. d3 e6 6. Be3 Nd4 7. Qd2 Ne7 8. Nd1 e5 9. f4 d6 10. Nf3 Bg4 11. 0-0 Qd7 12. c3 Nxf3+ 13. Bxf3 Bxf3 14. Rxf3 f5 15. Nf2 b6 16. Rf1 0-0 17. d4 cxd4 18. cxd4 fxe4 19. Nxe4 Qc6 20. Ng5 e4 21. Rc1 Qd5 22. Rff1 Nf5 23. Rfd1 h6 24. Nh3 Rac8 25. Rxc8 Rxc8 26. g4 Nh4 27. Qf2 Nf3+ 28. Kg2 Qxa2 29. f5 Qb3 30. Qe2 Rc2 31. Bd2 Nxd2 32. Rxd2 Qf3+ 0-1

[Event "Regionalliga NW 0203"]
[Site "Bayern"]
[Date "2003.02.23"]
[Round "7.2"]
[White "Sternheimer, Erhard"]
[Black "Poppe, Heiko"]
[Result "0-1"]
[WhiteElo "2108"]
[BlackElo "2118"]
[PlyCount "70"]
[EventDate "2002.10.20"]
[EventType "team-tourn"]
[EventRounds "9"]
[EventCountry "GER"]
[SourceTitle "EXT 2004"]
[Source "ChessBase"]
[SourceDate "2003.11.25"]
[SourceVersion "1"]
[SourceVersionDate "2003.11.25"]
[SourceQuality "1"]
[WhiteTeam "Koenigshofen"]
[BlackTeam "Wuerzburg II"]
[WhiteTeamCountry "GER"]
[BlackTeamCountry "GER"]

1. d4 e6 2. e3 f5 3. c4 d5 4. Nc3 Nf6 5. Bd3 c6 6. Nge2 Bd6 7. f3 Nh5 8. g3 0-0 9. 0-0 Na6 10. a3 Kh8 11. Qc2 Nc7 12. Bd2 dxc4 13. Bxc4 e5 14. dxe5 Bxe5 15. Rad1 Qe7 16. Bd3 g6 17. Kg2 Be6 18. e4 f4 19. g4 Bxg4 20. fxg4 f3+ 21. Kh3 fxe2 22. Nxe2 Nf6 23. Ng3 Qe6 24. Be2 h5 25. Nf5 hxg4+ 26. Bxg4 Nxg4 27. Kxg4 gxf5+ 28. exf5 Rg8+ 29. Kf3 Raf8 30. Ke2 Rg2+ 31. Kf3 Qd5+ 32. Ke3 Qd4+ 33. Kf3 Qg4+ 34. Ke3 Nd5+ 35. Kd3 Qd4# 0-1

[Event "BL2-Ost 0001"]
[Site "Germany"]
[Date "2000.11.12"]
[Round "2.8"]
[White "Poppe, Heiko"]
[Black "Giesen, Dieter"]
[Result "1/2-1/2"]
[WhiteElo "2242"]
[BlackElo "2215"]
[PlyCount "43"]
[EventDate "2000.10.15"]
[EventType "team-tourn"]
[EventRounds "9"]
[EventCountry "GER"]
[SourceTitle "CBM 082 Extra"]
[Source "ChessBase"]
[SourceDate "2001.07.03"]
[SourceVersion "1"]
[SourceVersionDate "2001.07.03"]
[SourceQuality "1"]
[WhiteTeam "Wuerzburg"]
[BlackTeam "Hofheim"]
[WhiteTeamCountry "GER"]
[BlackTeamCountry "GER"]

1. e4 d5 2. exd5 Nf6 3. d4 Nxd5 4. c4 Nb6 5. Nc3 e5 6. Be3 exd4 7. Bxd4 Be6 8. Bxb6 Qxd1+ 9. Rxd1 axb6 10. a3 Be7 11. Nd5 Bxd5 12. cxd5 0-0 13. g3 Bf6 14. Rd2 Re8+ 15. Ne2 b5 16. Rc2 c6 17. Bg2 b4 18. 0-0 bxa3 19. bxa3 Rxa3 20. dxc6 Nxc6 21. Bxc6 bxc6 22. Rxc6 1/2-1/2

[Event "Regionalliga NW 9899"]
[Site "Bayern"]
[Date "1999.??.??"]
[Round "7.5"]
[White "Poppe, Heiko"]
[Black "Seeger, Werner"]
[Result "1-0"]
[WhiteElo "1926"]
[BlackElo "2025"]
[PlyCount "61"]
[EventDate "1998.??.??"]
[EventType "team-tourn"]
[EventRounds "9"]
[EventCountry "GER"]
[SourceTitle "EXT 2020"]
[Source "ChessBase"]
[SourceDate "2019.10.17"]
[SourceVersion "1"]
[SourceVersionDate "2019.10.17"]
[SourceQuality "1"]
[WhiteTeam "Bad Neustadt"]
[BlackTeam "Burgsinn"]
[WhiteTeamCountry "GER"]
[BlackTeamCountry "GER"]

1. e4 e5 2. Nf3 d6 3. Bc4 Be7 4. d4 Nd7 5. dxe5 Nxe5 6. Nxe5 dxe5 7. Qh5 g6 8. Qxe5 Nf6 9. Bh6 Qd6 10. Qxd6 cxd6 11. Nc3 Be6 12. Bb5+ Nd7 13. Nd5 Bxd5 14. exd5 Bf6 15. 0-0-0 0-0-0 16. Bxd7+ Kxd7 17. Rhe1 Rhe8 18. c3 Rc8 19. Rxe8 Rxe8 20. Be3 b6 21. g3 h5 22. Kc2 Bd8 23. Rd4 Re5 24. Kd3 b5 25. f4 Rf5 26. Ke4 Bb6 27. h3 a6 28. g4 hxg4 29. hxg4 Rf6 30. f5 Ke8 31. Bg5 1-0

[Event "Regionalliga NW 9899"]
[Site "Bayern"]
[Date "1999.??.??"]
[Round "4.4"]
[White "Poppe, Heiko"]
[Black "Stelzig, Georg"]
[Result "1/2-1/2"]
[WhiteElo "1926"]
[BlackElo "2055"]
[PlyCount "87"]
[EventDate "1998.??.??"]
[EventType "team-tourn"]
[EventRounds "9"]
[EventCountry "GER"]
[SourceTitle "EXT 2020"]
[Source "ChessBase"]
[SourceDate "2019.10.17"]
[SourceVersion "1"]
[SourceVersionDate "2019.10.17"]
[SourceQuality "1"]
[WhiteTeam "Bad Neustadt"]
[BlackTeam "Klingenberg"]
[WhiteTeamCountry "GER"]
[BlackTeamCountry "GER"]

1. e4 d5 2. Nc3 dxe4 3. Nxe4 Bf5 4. Ng3 Bg6 5. Nf3 Nd7 6. d4 e6 7. Bd3 Bxd3 8. Qxd3 Ngf6 9. 0-0 Be7 10. Be3 0-0 11. Rfd1 c6 12. c4 Qb8 13. Qe2 Re8 14. Ne5 Nxe5 15. Bf4 Nfd7 16. Bxe5 Nxe5 17. dxe5 Qc7 18. f4 Red8 19. Ne4 Rxd1+ 20. Rxd1 Rd8 21. Kf1 f5 22. Nf2 Bc5 23. Rxd8+ Qxd8 24. Qd3 Qd4 25. Qxd4 Bxd4 26. Nd3 Kf7 27. b3 h6 28. Ke2 Kg6 29. Kf3 Kh5 30. g3 Kg6 31. h3 Kf7 32. g4 fxg4+ 33. hxg4 g6 34. Ke4 Bg1 35. f5 exf5+ 36. gxf5 g5 37. e6+ Kf6 38. Ne5 h5 39. Ng6 Bc5 40. Ne5 Bd6 41. Nf7 Be7 42. Ne5 Bd6 43. Nf7 Be7 44. Ne5 1/2-1/2

[Event "Regionalliga NW 9798"]
[Site "Bayern"]
[Date "1998.??.??"]
[Round "?.7"]
[White "Poppe, Heiko"]
[Black "Wambach, Juergen"]
[Result "0-1"]
[WhiteElo "1926"]
[BlackElo "1980"]
[PlyCount "128"]
[EventDate "1997.10.??"]
[EventType "team-tourn"]
[EventRounds "9"]
[EventCountry "GER"]
[SourceTitle "EXT 2020"]
[Source "ChessBase"]
[SourceDate "2019.10.17"]
[SourceVersion "1"]
[SourceVersionDate "2019.10.17"]
[SourceQuality "1"]
[WhiteTeam "Bad Neustadt"]
[BlackTeam "Klingenberg"]
[WhiteTeamCountry "GER"]
[BlackTeamCountry "GER"]

1. e4 e6 2. d4 d5 3. Nd2 Nf6 4. e5 Nfd7 5. Bd3 c5 6. c3 Nc6 7. Ne2 Qb6 8. Nf3 cxd4 9. cxd4 f6 10. exf6 Nxf6 11. 0-0 Bd6 12. a3 0-0 13. Nc3 Bd7 14. Bc2 Rac8 15. Re1 Rfe8 16. Qd3 Re7 17. Bg5 Be8 18. Bxf6 Bg6 19. Qd2 gxf6 20. Bxg6 hxg6 21. Na4 Qa5 22. Qc2 Kf7 23. b4 Qc7 24. Qd2 Bf4 25. Qd3 b6 26. g3 Bh6 27. Ra2 Qd6 28. Nc3 a5 29. b5 Na7 30. a4 Qb4 31. Ne2 Rec7 32. Nh4 Rg8 33. Rb1 Qc4 34. Qxc4 Rxc4 35. Rbb2 Nc8 36. Nf3 Nd6 37. Nd2 Rc7 38. Rc2 Rgc8 39. Rxc7+ Rxc7 40. Kg2 Nf5 41. f4 Bf8 42. Kf3 Bb4 43. g4 Nd6 44. h3 Bxd2 45. Rxd2 Rc4 46. Ra2 g5 47. Ke3 Ne4 48. fxg5 fxg5 49. Ra3 Kf6 50. Kd3 e5 51. Ra1 Nf2+ 52. Kd2 Nxh3 53. Rh1 Nf4 54. dxe5+ Kxe5 55. Nc3 Ne6 56. Rh8 Nc5 57. Re8+ Kd6 58. Rd8+ Nd7 59. Kd3 Rxg4 60. Nxd5 Kxd5 61. Rxd7+ Kc5 62. Rc7+ Kb4 63. Rc6 Kxa4 64. Rxb6 Rb4 0-1

[Event "Wuerzburg op 13th"]
[Site "Wuerzburg"]
[Date "1997.??.??"]
[Round "5"]
[White "Halbich, Anton"]
[Black "Poppe, Heiko"]
[Result "1-0"]
[WhiteElo "1995"]
[BlackElo "2005"]
[PlyCount "87"]
[EventDate "1997.05.??"]
[EventType "swiss"]
[EventRounds "7"]
[EventCountry "GER"]
[SourceTitle "CBM 058 Extra"]
[Source "ChessBase"]
[SourceDate "1997.07.29"]
[SourceVersion "1"]
[SourceVersionDate "1997.07.29"]
[SourceQuality "1"]

1. c4 e6 2. Nf3 b6 3. g3 Bb7 4. Bg2 f5 5. 0-0 Nf6 6. d4 Be7 7. Nc3 Ne4 8. d5 Nxc3 9. bxc3 0-0 10. Qc2 Bf6 11. Rd1 exd5 12. Nd4 Bxd4 13. Rxd4 d6 14. Rxd5 Nd7 15. Rxf5 Bxg2 16. Kxg2 Ne5 17. Qe4 Rxf5 18. Qxf5 Qf6 19. Qe4 Rf8 20. f4 Qf7 21. Qd5 Nxc4 22. Qxf7+ Kxf7 23. e4 Ke6 24. Kf3 d5 25. f5+ Kd7 26. Bf4 dxe4+ 27. Kxe4 Nd6+ 28. Bxd6 cxd6 29. Rf1 Re8+ 30. Kd3 Rf8 31. g4 h5 32. g5 d5 33. Kd4 Kd6 34. f6 g6 35. a4 Rf7 36. h4 Rf8 37. f7 a6 38. Rf6+ Ke7 39. Ke5 b5 40. axb5 axb5 41. Re6+ Kxf7 42. Rf6+ Ke7 43. Rxf8 Kxf8 44. Kxd5 1-0

[Event "Regionalliga NW 9697"]
[Site "Bayern"]
[Date "1997.??.??"]
[Round "?"]
[White "Kraich, Klaus"]
[Black "Poppe, Heiko"]
[Result "1-0"]
[WhiteElo "2005"]
[BlackElo "1990"]
[PlyCount "65"]
[EventDate "1996.10.??"]
[EventType "team-tourn"]
[EventRounds "9"]
[EventCountry "GER"]
[SourceTitle "EXT 1999"]
[Source "ChessBase"]
[SourceDate "1998.11.16"]
[SourceVersion "1"]
[SourceVersionDate "1998.11.16"]
[SourceQuality "1"]
[WhiteTeam "Klingenberg"]
[BlackTeam "Bad Neustadt"]
[WhiteTeamCountry "GER"]
[BlackTeamCountry "GER"]

1. g3 d5 2. Bg2 e6 3. Nf3 Bd6 4. d3 c5 5. Nbd2 Nc6 6. c3 b6 7. e4 Bb7 8. 0-0 Nge7 9. Re1 Qd7 10. a3 0-0 11. e5 Bc7 12. d4 Rac8 13. Bh3 Ba6 14. b4 cxd4 15. cxd4 Bd3 16. Nf1 Bg6 17. Bf4 b5 18. N1d2 a5 19. Nb3 Bb6 20. Qd2 Ra8 21. g4 Rfc8 22. Bf1 a4 23. Nc5 Bxc5 24. dxc5 Rab8 25. Bg3 Rb7 26. Rad1 Rf8 27. Nh4 f5 28. exf6 gxf6 29. Bd6 Rc8 30. Qh6 e5 31. h3 Nd4 32. Bg2 Qc6 33. f4 1-0